| 000 | 00731cam a22002055a 4500 | ||
|---|---|---|---|
| 001 | L155490 | ||
| 008 | 120326s1811 xxk f 000 0 eng d | ||
| 035 | _a(Sirsi) u155490 | ||
| 041 | 0 | _aeng | |
| 100 | 1 | _aSchultes, Henry | |
| 245 | 0 | 3 |
_aAn essay on aquatic rights _bintended as an illustration of the law relative to fishing, and to the propriety of ground or soil produced by alluvion and dereliction in the sea and rivers |
| 260 |
_aLondon _b[s.n.] _c1811 |
||
| 300 |
_aiv, 140, [8] p. _c22 cm. |
||
| 520 | _aImprint from colophon | ||
| 520 | _aRunning title: Aquatic rights. | ||
| 583 |
_aCondition reviewed _c20120620 _lcondition level 2 |
||
| 651 | 4 |
_aGreat Britain _y1707- |
|
| 690 |
_aHydrography _96245 |
||
| 942 | _n0 | ||
| 999 |
_c113602 _d113602 |
||